[Event "Mazowiec-chT op 1718"]
[Site "Warsaw"]
[Date "2018.01.07"]
[Round "3.25"]
[White "Iwaszkiewicz, Grzegorz"]
[Black "Llaneza Vega, Victor"]
[Result "1-0"]
[WhiteElo "1414"]
[BlackElo "1886"]
[PlyCount "25"]
[EventDate "2017.12.03"]
[EventType "team-swiss"]
[EventRounds "10"]
[EventCountry "POL"]
[SourceTitle "EXT 2020"]
[Source "ChessBase"]
[SourceDate "2019.10.17"]
[SourceVersion "1"]
[SourceVersionDate "2019.10.17"]
[SourceQuality "1"]

1. d4 f5 2. Nf3 Nf6 3. Bf4 d6 4. e3 c6 5. Bd3 g6 6. c3 Qb6 7. b4 Bg7 8. Nbd2 Nd5 9. Bg3 Nxc3 10. Qb3 Nd5 11. Rb1 Na6 12. a3 Nac7 13. Nc4 1-0